| 000 | 00848nam a2200253Ia 4500 | ||
|---|---|---|---|
| 003 | OSt | ||
| 005 | 20221005113431.0 | ||
| 006 | a|||||r|||| 00| 0 | ||
| 007 | ta | ||
| 008 | 221004b |||||||| |||| 00| 0 pan d | ||
| 020 | _c140 | ||
| 024 | _a17758 | ||
| 037 |
_b925, 21/03/2015, H.K. Prakashan _cTextual |
||
| 040 |
_aCRL _cCRL _bpan |
||
| 041 |
_2pan _apan |
||
| 082 | _aO153,1N50:g, P4 | ||
| 100 | _aਸਿੰਘ, ਗੁਰਇਕਬਾਲ, ਥਦ. | ||
| 245 | 0 | _aਪਾF ਚਿੰਤਨ | |
| 260 |
_aਲੁਧਿਆਣਾ _bਚੇਤਨਾ ਪ੍ਰਕਾFਨ ਭਾਰਤ _c2004 |
||
| 300 |
_a156ਪੰ _ccm. |
||
| 650 | _aਪੰਜਾਬੀ ਸਾਹਿਤ | ||
| 942 |
_hO153,1N50:g, P4 _cTEXL _2cc |
||
| 999 |
_c1028156 _d1028156 |
||